1920s USA - Statistics

General Stats
  • This quiz has been taken 15 times
  • The average score is 10 of 20
Answer Stats
Hint Answer % Correct
how much was John scopes fined after the Monkey trials? $100
100%
when was the kkk set up 1860s
100%
when did the gramophone industry peak? 1921
100%
by 1930, how many radio station were there? 600
100%
How long did prohibition last until? 1933
89%
In which year was the first female mayor? 1926
83%
In 1919, how many cities were there race riots in? 20
83%
how many members did the kkk have by 1925 5 million
83%
and how many different nationalities 103
82%
in which year was it revived 1915
80%
how many cinemas were there in 1910? 8000
80%
how many members were there in the kkk by 1920 100,000
75%
when did prohibition come into act? 1920
75%
when was there the first woman to become governer of state 1924
75%
how many branches did the NAACP have by 1919 30
75%
when did the radio ruin the success of the gramophone? 1922
71%
how many people immigrated to the USA between 1819-1914 40 million
71%
when did dance marathons start? 1923
67%
how many shareholders were there in the USA in 1929 20 million
67%
when was the first radio station (KDKA) set up? 1920
63%
what were the sales for the gramophone at its peak? $106 million
60%
What percentage of purchase price shares were borrowed? 75%
60%
when as the John Scopes monkey trial? July 1925
60%
what percentage of homes had a radio? 40%
57%
what percentage of Americans were below the poverty line? 42%
57%
when did the NAACP start? 1909
50%
When did the UNIA start 1914
50%
when did the kkk decline? 1925
50%
where was the monkey trial? tennessee
50%
how many cinemas were there in 1920? 303,000
40%
How many members did the UNIA have at its peak 250,000
33%
How many members did the NAACP have by 1919 90,000
20%
in which city was the first female mayor? Seattle
20%
the monkey trials was the first trial to do what? be broadcasted on the radio
0%
who was the first female mayor? Bertha Knight Landes
0%
Where did bootleggers smuggle alcohol from? canada and the west indies
0%
who defended John Scopes in the monkey trials? Clarence Darrow
0%
what was moonshine? homemade alcohol made in stills
0%
why was bathtub gin so dangerous it caused blindness
0%
Who started the UNIA Marcus Garvey
0%
Who was the first woman to become governer of a state nellie tayloe ross
0%
what was the law called that brought prohibition into action? the volstead act/ 18th amendement
0%
what was the name of the person who organised the meeting the wizard
0%
who defended the fundelmentalists in the monkey trials? william bryan jennings
0%
who started the NAACP William Debois
0%
No matching quizzes found
Score Distribution
Percent of People with Each Score
Percentile by Number Answered
Your Score History
You have not taken this quiz